| 000 | 00519nam a2200121Ia 4500 | ||
|---|---|---|---|
| 008 | 220620s9999||||xx |||||||||||||| ||und|| | ||
| 100 | _aHägg, Gustav||Kurczewska, Agnieszka | ||
| 245 | 0 |
_aEntrepreneurship Education _bScholarly Progress and Future Challenges |
|
| 546 | _aEnglish[eng] | ||
| 650 | _aEntrepreneurship;Business studies: general;Management and management techniques;Research and development management | ||
| 856 | _uhttps://library.oapen.org/bitstream/20.500.12657/51891/1/9781000442038.pdf | ||
| 942 | _cEB | ||
| 999 |
_c32836 _d32836 |
||